[Event "Regionalliga NW 9900"]
[Site "Bayern"]
[Date "2000.??.??"]
[Round "8.3"]
[White "Dittmann, Rainer"]
[Black "Sadeghi, Behrang"]
[Result "1/2-1/2"]
[WhiteElo "2085"]
[BlackElo "2215"]
[PlyCount "156"]
[EventDate "1999.??.??"]
[EventType "team-tourn"]
[EventRounds "9"]
[EventCountry "GER"]
[SourceTitle "EXT 2020"]
[Source "ChessBase"]
[SourceDate "2019.10.17"]
[SourceVersion "1"]
[SourceVersionDate "2019.10.17"]
[SourceQuality "1"]
[WhiteTeam "Schweinfurt Fr"]
[BlackTeam "Burgsinn"]
[WhiteTeamCountry "GER"]
[BlackTeamCountry "GER"]

1. d4 d5 2. Nf3 Nf6 3. Bg5 Ne4 4. Bf4 Bf5 5. e3 e6 6. Nbd2 Bd6 7. Nxe4 Bxe4 8. Bd3 Bg6 9. Ne5 Nd7 10. Qe2 Bxe5 11. dxe5 c5 12. 0-0 0-0 13. b3 Qc7 14. Bxg6 hxg6 15. e4 d4 16. Qg4 b5 17. Qg5 a5 18. h4 Rfe8 19. Rad1 Nf8 20. Rd3 Qd8 21. Qg4 Nh7 22. Rg3 a4 23. Bg5 Nxg5 24. hxg5 Kf8 25. f4 Ra6 26. Rgf3 Qb8 27. Qh4 Ke7 28. f5 Qxe5 29. f6+ gxf6 30. Rxf6 Kd6 31. g3 axb3 32. axb3 Raa8 33. Rxf7 Rh8 34. Qf4 Qxf4 35. gxf4 Ra2 36. Rf2 Ra1+ 37. Kg2 Rhh1 38. Rf6 Rag1+ 39. Kf3 Rh3+ 40. Ke2 Rc3 41. f5 Rxc2+ 42. Kf3 Rc3+ 43. Kf4 gxf5 44. exf5 Re3 45. fxe6 Rxe6 46. Kf5 Rge1 47. Rxe6+ Rxe6 48. Ra2 Re3 49. Rg2 Rxb3 50. g6 Rf3+ 51. Ke4 Re3+ 52. Kf4 Re8 53. g7 Rg8 54. Ke4 Re8+ 55. Kd3 Rg8 56. Rg5 Kc6 57. Rg6+ Kd5 58. Rg5+ Kd6 59. Rg6+ Ke7 60. Rg5 Kd6 61. Rg6+ Ke5 62. Rg5+ Kf6 63. Rxc5 Rxg7 64. Rxb5 Rd7 65. Ra5 Ke6 66. Rh5 Rd5 67. Rh6+ Ke5 68. Rh5+ Kd6 69. Rxd5+ Kxd5 70. Kd2 Ke4 71. Ke2 d3+ 72. Kd2 Kd4 73. Kd1 Ke3 74. Ke1 Ke4 75. Kd2 Kd4 76. Kd1 Kc3 77. Kc1 d2+ 78. Kd1 Kd3 1/2-1/2

[Event "Regionalliga NW 9900"]
[Site "Bayern"]
[Date "2000.??.??"]
[Round "4.3"]
[White "Dittmann, Rainer"]
[Black "Simandl, Karel"]
[Result "1-0"]
[WhiteElo "2085"]
[BlackElo "2015"]
[PlyCount "77"]
[EventDate "1999.??.??"]
[EventType "team-tourn"]
[EventRounds "9"]
[EventCountry "GER"]
[SourceTitle "EXT 2020"]
[Source "ChessBase"]
[SourceDate "2019.10.17"]
[SourceVersion "1"]
[SourceVersionDate "2019.10.17"]
[SourceQuality "1"]
[WhiteTeam "Schweinfurt Fr"]
[BlackTeam "Kronach"]
[WhiteTeamCountry "GER"]
[BlackTeamCountry "GER"]

1. d4 d5 2. Nf3 Nf6 3. Bg5 e6 4. Nbd2 Be7 5. e3 Nbd7 6. Bd3 0-0 7. Qe2 Re8 8. 0-0 Nf8 9. Ne5 N6d7 10. Bxe7 Qxe7 11. f4 f6 12. Nxd7 Bxd7 13. e4 Rac8 14. e5 c5 15. dxc5 Qxc5+ 16. Kh1 f5 17. c3 b5 18. Nb3 Qb6 19. Qf2 Qxf2 20. Rxf2 Ra8 21. Nd4 Rab8 22. a3 Rec8 23. Nb3 Bc6 24. Kg1 Nd7 25. h3 Kf7 26. Kf1 Nb6 27. Nd4 a6 28. Ke2 Nc4 29. b3 Nb6 30. Kd2 Bd7 31. g4 g6 32. Rg1 Rc7 33. gxf5 exf5 34. h4 Rbc8 35. h5 Rg8 36. Rh2 Be8 37. hxg6+ hxg6 38. Rh7+ Rg7 39. Rxg7+ 1-0

[Event "Regionalliga NW 9900"]
[Site "Bayern"]
[Date "1999.??.??"]
[Round "1.3"]
[White "Dittmann, Rainer"]
[Black "Krauss, Josef"]
[Result "1-0"]
[WhiteElo "2085"]
[BlackElo "2110"]
[PlyCount "49"]
[EventDate "1999.??.??"]
[EventType "team-tourn"]
[EventRounds "9"]
[EventCountry "GER"]
[SourceTitle "EXT 2020"]
[Source "ChessBase"]
[SourceDate "2019.10.17"]
[SourceVersion "1"]
[SourceVersionDate "2019.10.17"]
[SourceQuality "1"]
[WhiteTeam "Schweinfurt Fr"]
[BlackTeam "Sand"]
[WhiteTeamCountry "GER"]
[BlackTeamCountry "GER"]

1. d4 Nf6 2. Nf3 g6 3. Bg5 Bg7 4. Nbd2 b6 5. e4 0-0 6. Bc4 Bb7 7. e5 Ne8 8. Qe2 c5 9. c3 cxd4 10. cxd4 Kh8 11. 0-0 f6 12. Bh4 Nc6 13. Rfd1 Rc8 14. a3 Nc7 15. Bg3 a6 16. Ne4 Na5 17. Bd3 Bd5 18. exf6 exf6 19. Nd6 Ra8 20. Rac1 Ra7 21. Rc3 Qa8 22. Nh4 Ne6 23. Bxg6 hxg6 24. Nxg6+ Kh7 25. Qh5+ 1-0

[Event "Regionalliga NW 9798"]
[Site "Bayern"]
[Date "1998.??.??"]
[Round "?.3"]
[White "Dittmann, Rainer"]
[Black "Bucka, Reinhard"]
[Result "1-0"]
[WhiteElo "2060"]
[BlackElo "2075"]
[PlyCount "61"]
[EventDate "1997.10.??"]
[EventType "team-tourn"]
[EventRounds "9"]
[EventCountry "GER"]
[SourceTitle "EXT 2020"]
[Source "ChessBase"]
[SourceDate "2019.10.17"]
[SourceVersion "1"]
[SourceVersionDate "2019.10.17"]
[SourceQuality "1"]
[WhiteTeam "Schweinfurt Fr"]
[BlackTeam "Bamberg SC III"]
[WhiteTeamCountry "GER"]
[BlackTeamCountry "GER"]

1. d4 Nf6 2. Nf3 g6 3. Bg5 Bg7 4. Nbd2 d5 5. e3 0-0 6. Bd3 b6 7. 0-0 Ba6 8. Rc1 c5 9. Re1 Qc8 10. c4 cxd4 11. exd4 Qd8 12. Qa4 dxc4 13. Bxf6 cxd3 14. Bxe7 Qe8 15. Qa3 Qd7 16. Bxf8 Bxf8 17. Qc3 Bb5 18. Ne5 Qd5 19. Nxd3 Nc6 20. Nf3 Rd8 21. Nde5 Nxd4 22. Qxd4 Qxd4 23. Nxd4 Rxd4 24. Rc8 Rd2 25. h3 Rxb2 26. Rd1 Kg7 27. Rc7 Bc5 28. Rxf7+ Kh6 29. Ng4+ Kh5 30. Rd5+ g5 31. Rf6 1-0